Estabilidad de terraplenes sobre suelos blandos
Guardat en:
| Autor principal: | |
|---|---|
| Format: | Llibre |
| Publicat: |
San José, Costa Rica
1992
|
| Matèries: | |
| Etiquetes: |
Afegir etiqueta
Sense etiquetes, Sigues el primer a etiquetar aquest registre!
|
MARC
| LEADER | 00000nam a2200000Ia 4500 | ||
|---|---|---|---|
| 003 | 005459 | ||
| 005 | 20221231144321.0 | ||
| 008 | 140114s1992 cr a m 000 ||s d | ||
| 040 | |c cru CEDI | ||
| 090 | |a TFG 2604 | ||
| 100 | |a Murillo Chan, John Antonio |9 12361 | ||
| 245 | |a Estabilidad de terraplenes sobre suelos blandos | ||
| 260 | |c 1992 |a San José, Costa Rica | ||
| 300 | |a [133] hojas ; 27 cm. | ||
| 500 | |a Tesis (licenciatura en ingenieria civil)--Universidad de Costa Rica. Facultad de Ingeniería. Escuela de Ingenieria Civil, | ||
| 650 | |x TERRAPLEN - INVESTIGACIONES |9 12362 | ||
| 942 | |c TFG | ||
| 999 | |c 20063 |d 20063 | ||
